Integrating human service law and practice / (Record no. 14551)

000 -LEADER
fixed length control field 01326cam a22003497a 4500
001 - CONTROL NUMBER
control field 13910962
005 - DATE AND TIME OF LATEST TRANSACTION
control field 20170105102857.0
008 - FIXED-LENGTH DATA ELEMENTS--GENERAL INFORMATION
fixed length control field 050324s2004 at bf 001 0 eng
010 ## - LIBRARY OF CONGRESS CONTROL NUMBER
LC control number 2005272077
020 ## - INTERNATIONAL STANDARD BOOK NUMBER
International Standard Book Number 0195517814
035 ## - SYSTEM CONTROL NUMBER
System control number (OCoLC)ocm56995406
040 ## - CATALOGING SOURCE
Original cataloging agency UHC
Transcribing agency UHC
Modifying agency OCLCQ
-- DLC
042 ## - AUTHENTICATION CODE
Authentication code lccopycat
043 ## - GEOGRAPHIC AREA CODE
Geographic area code u-at---
050 00 - LIBRARY OF CONGRESS CALL NUMBER
Classification number KU78.S63
Item number K46 2004
082 00 - DEWEY DECIMAL CLASSIFICATION NUMBER
Classification number 344.9403
Edition number 22
100 1# - MAIN ENTRY--PERSONAL NAME
Personal name Kennedy, Rosemary.
245 10 - TITLE STATEMENT
Title Integrating human service law and practice /
Statement of responsibility, etc. Rosemary Kennedy, with Jenny Richards.
260 ## - PUBLICATION, DISTRIBUTION, ETC.
Place of publication, distribution, etc. Melbourne :
Name of publisher, distributor, etc. Oxford University Press,
Date of publication, distribution, etc. 2004.
300 ## - PHYSICAL DESCRIPTION
Extent xi, 218 p. ;
Dimensions 23 cm.
504 ## - BIBLIOGRAPHY, ETC. NOTE
Bibliography, etc. note Includes bibliographical references (p. 194-209) and index.
650 #0 - SUBJECT ADDED ENTRY--TOPICAL TERM
Topical term or geographic name entry element Law
Geographic subdivision Australia.
650 #0 - SUBJECT ADDED ENTRY--TOPICAL TERM
Topical term or geographic name entry element Social legislation
General subdivision Australia.
650 #0 - SUBJECT ADDED ENTRY--TOPICAL TERM
Topical term or geographic name entry element Public welfare
General subdivision Law and legislation
Geographic subdivision Australia.
650 #0 - SUBJECT ADDED ENTRY--TOPICAL TERM
Topical term or geographic name entry element Social workers
Geographic subdivision Australia
Form subdivision Handbooks, manuals, etc.
650 #0 - SUBJECT ADDED ENTRY--TOPICAL TERM
Topical term or geographic name entry element Social workers
General subdivision Legal status, laws, etc.
Geographic subdivision Australia.
700 1# - ADDED ENTRY--PERSONAL NAME
Personal name Richards, Jenny,
Dates associated with a name 1973-
856 42 - ELECTRONIC LOCATION AND ACCESS
Materials specified Publisher description
Uniform Resource Identifier <a href="http://www.loc.gov/catdir/enhancements/fy0626/2005272077-d.html">http://www.loc.gov/catdir/enhancements/fy0626/2005272077-d.html</a>
906 ## - LOCAL DATA ELEMENT F, LDF (RLIN)
a 7
b cbc
c copycat
d 2
e ncip
f 20
g y-gencatlg
942 ## - ADDED ENTRY ELEMENTS (KOHA)
Source of classification or shelving scheme
Koha item type Book
Holdings
Withdrawn status Lost status Damaged status Not for loan Collection code Permanent Location Current Location Shelving location Date acquired Total Checkouts Full call number Barcode Date last seen Price effective from Koha item type
          Centre for International Peace & Stability (CIPS) Centre for International Peace & Stability (CIPS) General Stacks 09/10/2013   344.9403 KEN 2004 CIPS0000852 09/12/2013 09/12/2013 Book
© 2023 Central Library, National University of Sciences and Technology. All Rights Reserved.